[Event "EU-ch Amateur Online 1400/1700"]
[Site "Tornelo INT"]
[Date "2021.04.17"]
[Round "3"]
[White "Trivella, Maria"]
[Black "Heiberg, Clara"]
[Result "1-0"]
[WhiteElo "1141"]
[BlackElo "1544"]
[PlyCount "67"]
[EventDate "2021.04.17"]
[EventType "swiss (rapid)"]
[EventRounds "8"]
[EventCountry "NET"]
[SourceTitle "EXT 2023"]
[Source "ChessBase"]
[SourceDate "2022.10.05"]
[SourceVersion "1"]
[SourceVersionDate "2022.10.05"]
[SourceQuality "1"]

1. d4 g6 2. c4 Nf6 3. Nf3 Bg7 4. Bg5 d6 5. Bxf6 Bxf6 6. e3 0-0 7. Be2 c5 8. 0-0 Nc6 9. Nbd2 cxd4 10. e4 Bd7 11. Nb3 a6 12. Nfxd4 Nxd4 13. Nxd4 Qa5 14. Kh1 Rfc8 15. Nb3 Qc7 16. Rb1 Be6 17. Nd2 Qa5 18. b3 Qxa2 19. f4 Qa5 20. Nf3 Rc6 21. Qd3 Rac8 22. Nd4 R6c7 23. Ra1 Qc5 24. Nxe6 fxe6 25. Rad1 Qa5 26. Qh3 Qc3 27. Qxe6+ Kg7 28. Rf3 Qb2 29. Bf1 Rc5 30. g4 R8c7 31. e5 dxe5 32. Rd8 exf4 33. Rg8+ Kh6 34. Rh3+ 1-0

[Event "Wch FIDE Online U14 Girls Europe qual"]
[Site "Tornelo INT"]
[Date "2020.12.08"]
[Round "4"]
[White "Puia, Alexia Teodora"]
[Black "Heiberg, Clara"]
[Result "0-1"]
[WhiteElo "1654"]
[BlackElo "1512"]
[PlyCount "78"]
[EventDate "2020.12.07"]
[EventType "swiss (rapid)"]
[EventRounds "7"]
[EventCountry "ISS"]
[SourceTitle "EXT 2022"]
[Source "ChessBase"]
[SourceDate "2021.10.06"]
[SourceVersion "1"]
[SourceVersionDate "2021.10.06"]
[SourceQuality "1"]

1. d4 g6 2. c4 Nf6 3. Nc3 Bg7 4. e4 d6 5. f4 0-0 6. Nf3 c5 7. d5 e6 8. Bd3 exd5 9. cxd5 b5 10. Bxb5 Nxe4 11. Qc2 Nxc3 12. bxc3 Qa5 13. Rb1 Bf5 14. Bd3 Re8+ 15. Kf2 Bxd3 16. Qxd3 Qxc3 17. Qxc3 Bxc3 18. Rb7 a5 19. Ng5 Bd4+ 20. Kf3 f6 21. Nxh7 Na6 22. Bd2 Rab8 23. Rhb1 Nb4 24. Rxb8 Rxb8 25. Nxf6+ Bxf6 26. a3 Kf7 27. axb4 axb4 28. g4 b3 29. g5 Bd4 30. Ke2 c4 31. Bc1 c3 32. Kd3 c2 33. Rxb3 Rxb3+ 34. Kxd4 Rb1 35. Ba3 c1Q 36. Bxc1 Rxc1 37. h4 Rh1 38. Kc4 Rxh4 39. Kb5 Rxf4 0-1

[Event "EU-ch Online U14 Girls"]
[Site "Tornelo INT"]
[Date "2020.09.19"]
[Round "6"]
[White "Heiberg, Clara"]
[Black "Bashylina, Luisa"]
[Result "0-1"]
[WhiteElo "1514"]
[BlackElo "2005"]
[PlyCount "64"]
[EventDate "2020.09.18"]
[EventType "swiss (rapid)"]
[EventRounds "9"]
[EventCountry "NET"]
[SourceTitle "EXT 2023"]
[Source "ChessBase"]
[SourceDate "2022.10.05"]
[SourceVersion "1"]
[SourceVersionDate "2022.10.05"]
[SourceQuality "1"]
[WhiteTeam "Denmark"]
[BlackTeam "Germany"]
[WhiteTeamCountry "DEN"]
[BlackTeamCountry "GER"]

1. e4 c5 2. Nf3 a6 3. c3 e6 4. d4 d5 5. exd5 exd5 6. Bd3 Nf6 7. 0-0 Be7 8. Bf4 0-0 9. h3 Nc6 10. Nbd2 h6 11. Ne5 Be6 12. Ndf3 Qb6 13. Qe2 Rac8 14. Rfe1 Rfe8 15. Rac1 Nxe5 16. Bxe5 Nd7 17. Qd2 Nxe5 18. Nxe5 Bf6 19. Kh1 Qa5 20. Bb1 cxd4 21. Qxd4 Qc7 22. f4 Rcd8 23. Re3 Bxe5 24. Qxe5 Qxe5 25. Rxe5 f6 26. Re3 Kf7 27. Rce1 f5 28. Bd3 g6 29. Kg1 Kf6 30. h4 d4 31. Re5 dxc3 32. bxc3 Rxd3 0-1

[Event "EU-ch Online U14 Girls"]
[Site "Tornelo INT"]
[Date "2020.09.19"]
[Round "4"]
[White "Puia, Alexia Teodora"]
[Black "Heiberg, Clara"]
[Result "1-0"]
[WhiteElo "1654"]
[BlackElo "1514"]
[PlyCount "65"]
[EventDate "2020.09.18"]
[EventType "swiss (rapid)"]
[EventRounds "9"]
[EventCountry "NET"]
[SourceTitle "EXT 2023"]
[Source "ChessBase"]
[SourceDate "2022.10.05"]
[SourceVersion "1"]
[SourceVersionDate "2022.10.05"]
[SourceQuality "1"]
[WhiteTeam "Romania"]
[BlackTeam "Denmark"]
[WhiteTeamCountry "ROU"]
[BlackTeamCountry "DEN"]

1. d4 g6 2. c4 Nf6 3. Nc3 Bg7 4. e4 d6 5. f4 0-0 6. Nf3 c5 7. d5 e6 8. Bd3 Nbd7 9. 0-0 a6 10. h3 Rb8 11. a4 Qe7 12. Re1 b6 13. e5 Ne8 14. Qe2 Nc7 15. exd6 Qxd6 16. Ne4 Qe7 17. d6 Qd8 18. dxc7 Qxc7 19. Rb1 Bb7 20. Be3 a5 21. Nc3 Bc6 22. Nb5 Bxb5 23. axb5 f5 24. Bd2 Rfe8 25. Ne5 Nxe5 26. fxe5 Rbd8 27. Bc3 Bh6 28. Rbd1 Rd7 29. Bc2 Rde7 30. Rd6 Ra8 31. Qf3 Ra7 32. Qc6 Kf7 33. Qxc7 1-0

[Event "EU-ch Online U14 Girls"]
[Site "Tornelo INT"]
[Date "2020.09.18"]
[Round "1"]
[White "Heiberg, Clara"]
[Black "Gelders, Flore"]
[Result "1-0"]
[WhiteElo "1514"]
[BlackElo "1008"]
[PlyCount "53"]
[EventDate "2020.09.18"]
[EventType "swiss (rapid)"]
[EventRounds "9"]
[EventCountry "NET"]
[SourceTitle "EXT 2023"]
[Source "ChessBase"]
[SourceDate "2022.10.05"]
[SourceVersion "1"]
[SourceVersionDate "2022.10.05"]
[SourceQuality "1"]
[WhiteTeam "Denmark"]
[BlackTeam "Belgien"]
[WhiteTeamCountry "DEN"]
[BlackTeamCountry "BEL"]

1. e4 e5 2. d4 d6 3. dxe5 Nc6 4. exd6 Bxd6 5. Nf3 Bg4 6. Bc4 Nf6 7. Nc3 0-0 8. Bg5 Nb4 9. Bb3 h6 10. Be3 Qe8 11. a3 Nc6 12. Qd3 Qd7 13. h3 Bh5 14. 0-0-0 Ne5 15. Nxe5 Bxe5 16. Qxd7 Nxd7 17. Rxd7 Rad8 18. Rxd8 Rxd8 19. f4 Bf6 20. g4 Bh4 21. gxh5 c5 22. Rd1 Re8 23. Rd7 Be1 24. Bxf7+ Kh7 25. Bxe8 b5 26. Bg6+ Kg8 27. Rd8# 1-0